000 00863cab a2200229 4500
001 ABS38798
008 090401t1988 xxu||||| |||| 00| 0 eng d
035 _a(Sirsi) u12436
041 _aeng
100 _aMartin, B.
245 _aLeisure forecast 88: a view of a competitive future
260 _c1988
350 _a0
490 _aLeisure Management
_v8(1) January 1988, 20-23(4)
520 _aReports on changing trends within the UK leisure market s, noting the possibility of recession falling the Stock Market crash . Includes a table forecast ing spending values for a wide range of leisure interests from 1988-92 and suggests what the key features of future leisure provision are likely to be.
650 _aCONSUMER SPENDING
650 _aTOURISM
690 _aECONOMIC AND SOCIAL
700 _aMason, S.
942 _n0
948 _c04/03/1997
999 _c7946
_d7946